Mécs László költészete Arcok az irodalomból

Bibliographic Details
Main Author: Fónod, Zoltán, 1930-2021 (Author)
Format: Article
Language:Hungarian
Slovak
PhysicalDescription:Lit. 21 zázn. v nem., maď.
Subjects:

MARC

LEADER 00000nab a2200000 a 4500
001 vtls000400260
003 SK-MaSNL
005 20260318121719.0
008 160215c1990 xo 0 hun
015 |a SNBRB19rr/mm-uuuuu 
035 |a CL0400384 
040 |a SNKBUCL  |b slo  |c SNKBUCL  |e AACR2 
041 0 |a slo 
044 |a xo  |c SK 
080 |a 82(091):894.511 (437)"19"=945.11  |2 1981 
080 |a 894.511 (437)"19"=945.11  |2 1981 
080 |a 894.511 (437)(091)"19"  |2 1981 
080 |a 82  |2 1981 
080 |a 929  |2 1981 
080 |a 894.511 (437)  |2 1981 
080 |a 929 Mécs, László  |2 1981 
100 1 |a Fónod, Zoltán,  |d 1930-2021  |4 aut  |9 220458 
245 1 0 |a Mécs László költészete  |b Arcok az irodalomból  |c Zoltán Fónod 
300 |b Lit. 21 zázn. v nem., maď. 
600 1 7 |a Mécs, László,  |d 1895-1978  |2 snkbucl  |9 103321 
650 0 7 |a literárna tvorba  |2 snkbucl  |9 4226 
655 7 |a štúdie  |2 snkbucl  |9 57033 
655 7 |a články z odboru literárna veda a krásna literatúra  |2 snkbucl  |9 770045 
655 7 |a články z novín a časopisov  |2 snkbucl  |9 267496 
773 0 |t Irodalmi szemle  |g Roč. 33, č. 4 (1990), s. 432-436 
850 |a Slovenská národná knižnica 
852 |a Slovenská národná knižnica 
958 |a BX 
958 |a NB 
958 |a RK 
958 |a HU 
958 |a LX 
992 |a RBX 
999 |c 3239730  |d 3241660